00775 2200229 4500001002100000005001700021008004100038020001800079035002400097082001300121090002500134100002300159245013400182250001000316260003100326300002300357500007100380650003400451700001800485700002100503999002100524YOGYA-0411000000166020110419132450.0 ind  a979-21-0146-2 0010-041100000001660 a221.9505 a221.9505bRab YlDEP aRABEN-KORCH, Bente aYusuf berjumpa kembali dengan saudara-saudaranya / Bente Raben Korch ; ilustrasi, oleh Isidre Mones ; penerjemah, M. Ivonna Indah aCet.1 aYogjakartabKanisiusc2002 ajil.bilus.c20 cm ayang diterima jilid 11bjudul asli Joseph and His brothers reunete aAlkitab-Perjanjian Lama-Yusuf aMones, Isidre aIndah, M. Ivonna aCB-D.11 2002-119